<?xml version="1.0" encoding="UTF-8"?>
<record
    xmlns:xsi="http://www.w3.org/2001/XMLSchema-instance"
    xsi:schemaLocation="http://www.loc.gov/MARC21/slim http://www.loc.gov/standards/marcxml/schema/MARC21slim.xsd"
    xmlns="http://www.loc.gov/MARC21/slim">

  <leader>00634nam a22001457a 4500</leader>
  <datafield tag="999" ind1=" " ind2=" ">
    <subfield code="c">127218</subfield>
    <subfield code="d">127218</subfield>
  </datafield>
  <controlfield tag="005">20220719103105.0</controlfield>
  <controlfield tag="008">220719b           ||||| |||| 00| 0 eng d</controlfield>
  <datafield tag="040" ind1=" " ind2=" ">
    <subfield code="c">PK-LaUMT</subfield>
  </datafield>
  <datafield tag="082" ind1=" " ind2=" ">
    <subfield code="a">APC 297.4092</subfield>
    <subfield code="b">IQB-G</subfield>
  </datafield>
  <datafield tag="100" ind1=" " ind2=" ">
    <subfield code="a">Iqbal Kharal, Muhammad = &#x627;&#x642;&#x628;&#x627;&#x644; &#x6A9;&#x6BE;&#x631;&#x644;&#x60C; &#x645;&#x62D;&#x645;&#x62F;</subfield>
  </datafield>
  <datafield tag="245" ind1=" " ind2=" ">
    <subfield code="a">Gulshan i Qadari hayat tayyabah hazrat Mian Mir Qadiri Rahatullah Aleh Lahore = &#x6AF;&#x644;&#x634;&#x646; &#x642;&#x627;&#x62F;&#x631;&#x6CC;&#x6C1; &#x62D;&#x6CC;&#x627;&#x62A; &#x637;&#x6CC;&#x628;&#x6C1; &#x62D;&#x636;&#x631;&#x62A; &#x645;&#x6CC;&#x627;&#x6BA;  &#x645;&#x6CC;&#x631; &#x642;&#x627;&#x62F;&#x631;&#x6CC; &#x631;&#x62D;&#x645;&#x6C3; &#x627;&#x644;&#x644;&#x6C1; &#x639;&#x644;&#x6CC;&#x6C1; &#x644;&#x627;&#x6C1;&#x648;&#x631; /</subfield>
    <subfield code="c">by Muhammad Iqbal Kharal = &#x627;&#x632; &#x645;&#x62D;&#x645;&#x62F; &#x627;&#x642;&#x628;&#x627;&#x644; &#x6A9;&#x6BE;&#x631;&#x644;</subfield>
  </datafield>
  <datafield tag="260" ind1=" " ind2=" ">
    <subfield code="a">Lahore :</subfield>
    <subfield code="b">Haji Parvez,</subfield>
    <subfield code="c">2006</subfield>
  </datafield>
  <datafield tag="300" ind1=" " ind2=" ">
    <subfield code="a">240 p.</subfield>
  </datafield>
  <datafield tag="942" ind1=" " ind2=" ">
    <subfield code="c">BK</subfield>
  </datafield>
  <datafield tag="952" ind1=" " ind2=" ">
    <subfield code="0">0</subfield>
    <subfield code="1">0</subfield>
    <subfield code="4">0</subfield>
    <subfield code="7">0</subfield>
    <subfield code="a">01</subfield>
    <subfield code="b">01</subfield>
    <subfield code="d">2022-07-19</subfield>
    <subfield code="l">0</subfield>
    <subfield code="o">APC 297.4092 IQB-G</subfield>
    <subfield code="p">143300</subfield>
    <subfield code="r">2022-07-19 00:00:00</subfield>
    <subfield code="w">2022-07-19</subfield>
    <subfield code="y">BK</subfield>
  </datafield>
</record>
